| 000 | 004390000a22001690004500 | ||
|---|---|---|---|
| 003 | MACL | ||
| 005 | 20160102125025.0 | ||
| 008 | 160102b xxu||||| |||| 00| 0 eng d | ||
| 040 |
_aMACL _cMACL |
||
| 041 | _aNew Delhi | ||
| 082 | _a800/CHE | ||
| 100 |
_aChenery, Thomas _926984 |
||
| 245 |
_aThe Assemblies of Al Hariri _bvol 1 |
||
| 260 |
_bWilliams and Norgate _c1867 _aLondon |
||
| 650 |
_aLiterature _926985 |
||
| 942 |
_cBK _k800/CHE _2ddc |
||
| 999 |
_c39316 _d39316 |
||